Massime e aforismi dalla Recherche /

Gespeichert in:
Bibliographische Detailangaben
1. Verfasser: Proust, Marcel (Verfasst von)
Weitere Verfasser: Baldini, Massimo, (1947-2008)
Format: Buch
Sprache:Italienisch
Veröffentlicht: Roma : Tascabili economici Newton, 1994
Schriftenreihe:Centopaginemillelire ; 167
Tags: Tag hinzufügen
Keine Tags, Fügen Sie das erste Tag hinzu!

MARC

LEADER 00000nam a22000007i 4500
001 IT\ICCU\BVE\0063336
003 ItRI
005 20260115231936.0
008 950109s1994 it |||||| ||||| |||||c
020 |a 8879835319 
040 |b ita  |c importazione bologna sebina 
041 7 |a ita  |2 ISO-639-2 
082 |a 843  |9 NARRATIVA FRANCESE  |2 12 
100 1 |a Proust, Marcel  |0 IT\ICCU\CFIV\007392  |4 aut 
245 1 0 |a Massime e aforismi dalla Recherche /  |c Marcel Proust ; a cura di Massimo Baldini. 
260 |a Roma :  |b Tascabili economici Newton,  |c 1994 
300 |a 97 p. ;  |c 20 cm. 
700 1 |a Baldini, Massimo,  |d  (1947-2008)  |0 IT\ICCU\CFIV\007895 
830 0 |a Centopaginemillelire ;  |v 167  |0 IT\ICCU\RAV\0196182 
942 |2 ddc  |c BK  |n 0 
952 |0 0  |1 0  |4 0  |6 DOC_843_900000000000000_PRO  |7 0  |9 17323  |a BO  |b BO  |d 2026-01-15  |i 10120  |l 0  |o DOC 843.9 PRO  |p BO10120  |r 2026-01-15 23:19:36  |w 2026-01-15  |x [Sebina 5] [1 V.]  |y BK  |z 1 V. 
952 |0 0  |1 0  |4 0  |6 DOC_843_900000000000000_PRO  |7 0  |9 17324  |a BO  |b BO  |d 2026-01-15  |i 15924  |l 0  |o DOC 843.9 PRO  |p BO15924  |r 2026-01-15 23:19:36  |w 2026-01-15  |x [Sebina 5] [1 v.]  |y BK  |z 1 v. (2. copia) 
999 |c 14790  |d 14790